[Event "ccc 2015 1"]
[Site "?"]
[Date "2015.05.02"]
[Round "7.11"]
[White "Bekker-Jensen,2261, FM David"]
[Black "Ahlander,2372, IM Bjørn"]
[Result "0-1"]
[BlackElo "2372"]
[WhiteElo "2261"]
[LiveChessVersion "1.4.5"]

1. d4 {[%clk 1:30:57]} c5 {[%clk 1:30:55]} 2. d5 {[%clk 1:31:18]} e6
{[%clk 1:31:21]} 3. c4 {[%clk 1:31:39]} exd5 {[%clk 1:31:46]} 4. cxd5
{[%clk 1:32:03]} d6 {[%clk 1:32:10]} 5. Nc3 {[%clk 1:32:27]} Ne7 {[%clk 1:32:35]}
6. e4 {[%clk 1:27:59]} Ng6 {[%clk 1:31:31]} 7. Bd3 {[%clk 1:28:20]} Be7
{[%clk 1:31:53]} 8. Nge2 {[%clk 1:28:45]} a6 {[%clk 1:32:14]} 9. a4
{[%clk 1:28:52]} O-O {[%clk 1:32:17]} 10. O-O {[%clk 1:28:49]} Bf6
{[%clk 1:32:28]} 11. f4 {[%clk 1:27:21]} Re8 {[%clk 1:32:44]} 12. Be3
{[%clk 1:25:45]} Bg4 {[%clk 1:31:26]} 13. Qd2 {[%clk 1:23:51]} Bxe2
{[%clk 1:29:20]} 14. Nxe2 {[%clk 1:16:44]} Nd7 {[%clk 1:29:39]} 15. Rac1
{[%clk 1:12:53]} Rc8 {[%clk 1:18:23]} 16. Ng3 {[%clk 1:07:08]} Nb6
{[%clk 1:16:56]} 17. b3 {[%clk 1:02:26]} Nxd5 {[%clk 1:15:29]} 18. Kh1
{[%clk 0:50:57]} Nxe3 {[%clk 1:08:39]} 19. Qxe3 {[%clk 0:51:22]} Ne7
{[%clk 1:06:59]} 20. Qf3 {[%clk 0:47:43]} Nc6 {[%clk 1:06:35]} 21. Bc4
{[%clk 0:46:22]} Nd4 {[%clk 1:03:54]} 22. Qg4 {[%clk 0:45:19]} Rc7
{[%clk 1:02:27]} 23. Rce1 {[%clk 0:41:01]} Qd7 {[%clk 0:53:01]} 24. f5
{[%clk 0:35:54]} Kf8 {[%clk 0:44:39]} 25. Nh5 {[%clk 0:26:05]} Qd8
{[%clk 0:45:06]} 26. Re3 {[%clk 0:22:45]} Nc6 {[%clk 0:38:04]} 27. Qh3
{[%clk 0:19:26]} h6 {[%clk 0:36:37]} 28. Rg3 {[%clk 0:17:21]} Rxe4
{[%clk 0:25:55]} 29. Rxg7 {[%clk 0:15:15]} Ne5 {[%clk 0:13:32]} 30. Qg3
{[%clk 0:14:08]} Bg5 {[%clk 0:11:28]} 31. f6 {[%clk 0:13:01]} d5 {[%clk 0:07:48]}
32. Be2 {[%clk 0:07:49]} Rc6 {[%clk 0:06:06]} 33. Rh7 {[%clk 0:07:22]} Ng6
{[%clk 0:06:29]} 34. Bd3 {[%clk 0:07:12]} Rce6 {[%clk 0:06:56]} 35. Bxe4
{[%clk 0:04:38]} Rxe4 {[%clk 0:07:24]} 36. Qf2 {[%clk 0:04:13]} Qd6
{[%clk 0:04:25]} 37. Qf5 {[%clk 0:04:16]} Qe6 {[%clk 0:04:26]} 38. Ng3
{[%clk 0:03:07]} Re5 {[%clk 0:03:45]} 39. Qc2 {[%clk 0:02:38]} d4
{[%clk 0:03:39]} 40. Nf5 {[%clk 0:02:38]} Qxf6 {[%clk 0:03:26]} 41. Ng3
{[%clk 0:02:21]} Nf4 {[%clk 0:03:34]} 42. Nh5 {[%clk 0:02:17]} Nxh5
{[%clk 0:03:40]} 43. Qc4 {[%clk 0:01:25]} Nf4 {[%clk 0:03:28]} 44. h4
{[%clk 0:01:16]} Bxh4 {[%clk 0:03:19]} 45. Rf3 {[%clk 0:00:44]} Kg8 0-1

[Event "ccc 2015 1"]
[Site "?"]
[Date "2015.05.02"]
[Round "7.12"]
[White "Lien,2054, Kjell Håkon"]
[Black "Nielsen,2339, FM Niels Jørgen Fries"]
[Result "0-1"]
[BlackElo "2339"]
[WhiteElo "2054"]
[LiveChessVersion "1.4.5"]

1. e4 {[%clk 1:30:58]} d6 {[%clk 1:30:34]} 2. d4 {[%clk 1:31:25]} Nf6
{[%clk 1:30:33]} 3. Nc3 {[%clk 1:31:35]} a6 {[%clk 1:30:36]} 4. f3
{[%clk 1:28:41]} Nbd7 {[%clk 1:29:34]} 5. Be3 {[%clk 1:27:33]} e5
{[%clk 1:29:56]} 6. d5 {[%clk 1:26:21]} Be7 {[%clk 1:30:22]} 7. Qd2
{[%clk 1:26:26]} b5 {[%clk 1:29:21]} 8. g4 {[%clk 1:24:26]} O-O {[%clk 1:28:48]}
9. h4 {[%clk 1:19:30]} Bb7 {[%clk 1:29:16]} 10. h5 {[%clk 1:19:49]} Ne8
{[%clk 1:26:25]} 11. g5 {[%clk 1:14:38]} Nb6 {[%clk 1:25:17]} 12. Bxb6
{[%clk 1:07:42]} cxb6 {[%clk 1:25:40]} 13. Nh3 {[%clk 1:08:06]} Bc8
{[%clk 1:24:29]} 14. Rg1 {[%clk 1:07:38]} Bd7 {[%clk 1:23:29]} 15. Ne2
{[%clk 1:01:17]} Rc8 {[%clk 1:22:20]} 16. O-O-O {[%clk 0:53:17]} a5
{[%clk 1:19:34]} 17. f4 {[%clk 0:47:08]} f5 {[%clk 1:16:16]} 18. g6
{[%clk 0:36:22]} h6 {[%clk 1:15:13]} 19. fxe5 {[%clk 0:25:57]} dxe5
{[%clk 1:15:18]} 20. d6 {[%clk 0:24:27]} Nxd6 {[%clk 1:12:37]} 21. Nc3
{[%clk 0:19:49]} Be6 {[%clk 1:11:52]} 22. exf5 {[%clk 0:17:12]} Bxf5
{[%clk 1:06:50]} 23. Qd5+ {[%clk 0:17:17]} Kh8 {[%clk 1:07:19]} 24. Bg2
{[%clk 0:11:27]} b4 {[%clk 1:05:21]} 25. Ne4 {[%clk 0:11:51]} Nxe4
{[%clk 1:05:12]} 0-1

[Event "ccc 2015 1"]
[Site "?"]
[Date "2015.05.02"]
[Round "7.13"]
[White "Nielsen,2458, IM Jens Ove Fries"]
[Black "Mitscherling,2221, FM Andreas"]
[Result "1-0"]
[BlackElo "2221"]
[WhiteElo "2458"]
[LiveChessVersion "1.4.5"]

1. Nf3 {[%clk 1:29:49]} Nf6 {[%clk 1:30:39]} 2. g3 {[%clk 1:29:43]} g6
{[%clk 1:31:03]} 3. Bg2 {[%clk 1:30:03]} Bg7 {[%clk 1:31:27]} 4. O-O
{[%clk 1:30:24]} O-O {[%clk 1:31:52]} 5. d3 {[%clk 1:30:37]} c5 {[%clk 1:29:18]}
6. e4 {[%clk 1:30:03]} Nc6 {[%clk 1:29:31]} 7. Nbd2 {[%clk 1:30:13]} d5
{[%clk 1:29:32]} 8. a3 {[%clk 1:27:42]} dxe4 {[%clk 1:24:20]} 9. dxe4
{[%clk 1:27:59]} b6 {[%clk 1:23:01]} 10. Re1 {[%clk 1:27:47]} e5 {[%clk 1:18:11]}
11. c3 {[%clk 1:26:41]} Qc7 {[%clk 1:13:06]} 12. Nc4 {[%clk 1:25:01]} Bb7
{[%clk 1:11:22]} 13. a4 {[%clk 1:22:59]} Rad8 {[%clk 1:11:03]} 14. Qc2
{[%clk 1:19:33]} h6 {[%clk 1:08:14]} 15. Nfd2 {[%clk 1:18:43]} Ne7
{[%clk 1:03:37]} 16. Qb3 {[%clk 1:17:55]} Bc6 {[%clk 1:02:07]} 17. Bf1
{[%clk 1:16:25]} Kh7 {[%clk 0:58:48]} 18. Bg2 {[%clk 1:13:45]} Nh5
{[%clk 0:56:37]} 19. Nf3 {[%clk 1:12:58]} Nc8 {[%clk 0:54:23]} 20. Qc2
{[%clk 1:10:01]} Rfe8 {[%clk 0:51:47]} 21. Nfd2 {[%clk 1:06:19]} Qb7
{[%clk 0:51:04]} 22. b4 {[%clk 1:05:32]} cxb4 {[%clk 0:45:32]} 23. cxb4
{[%clk 1:05:58]} Bf8 {[%clk 0:35:53]} 24. b5 {[%clk 1:05:47]} Bd7
{[%clk 0:36:21]} 25. Bb2 {[%clk 1:01:42]} f6 {[%clk 0:36:25]} 26. Ne3
{[%clk 1:00:45]} Be6 {[%clk 0:36:12]} 27. Nd5 {[%clk 0:50:18]} Qf7
{[%clk 0:36:40]} 28. Ba3 {[%clk 0:46:11]} Bxa3 {[%clk 0:35:29]} 29. Rxa3
{[%clk 0:46:39]} Bxd5 {[%clk 0:33:53]} 30. exd5 {[%clk 0:46:59]} Nd6
{[%clk 0:34:13]} 31. Rc3 {[%clk 0:46:35]} Re7 {[%clk 0:32:53]} 32. Rc6
{[%clk 0:44:55]} f5 {[%clk 0:32:40]} 33. Nc4 {[%clk 0:37:33]} Nxc4
{[%clk 0:32:56]} 34. Qxc4 {[%clk 0:37:53]} e4 {[%clk 0:31:37]} 35. d6
{[%clk 0:31:12]} Red7 {[%clk 0:30:58]} 36. Qxf7+ {[%clk 0:30:54]} Rxf7
{[%clk 0:31:26]} 37. f3 {[%clk 0:31:17]} Nf6 {[%clk 0:20:27]} 38. fxe4
{[%clk 0:31:18]} fxe4 {[%clk 0:20:50]} 39. Bh3 {[%clk 0:29:15]} Re8
{[%clk 0:18:27]} 40. Rf1 {[%clk 0:25:31]} Kg7 {[%clk 0:17:37]} 41. Rc7
{[%clk 0:21:59]} e3 {[%clk 0:15:24]} 42. d7 {[%clk 0:20:11]} Rd8 {[%clk 0:15:37]}
43. Rxa7 {[%clk 0:19:46]} Re7 {[%clk 0:15:14]} 44. Rb7 {[%clk 0:14:37]} Nd5
{[%clk 0:15:12]} 45. Re1 {[%clk 0:14:18]} Nb4 {[%clk 0:14:30]} 46. Rc7
{[%clk 0:13:45]} Nd3 {[%clk 0:14:12]} 47. Re2 {[%clk 0:13:36]} Nf2
{[%clk 0:11:24]} 48. Rxf2 {[%clk 0:13:31]} exf2+ {[%clk 0:11:44]} 49. Kf1
{[%clk 0:12:42]} Kf6 {[%clk 0:10:29]} 50. Rc8 {[%clk 0:11:59]} Rexd7
{[%clk 0:07:58]} 51. Bxd7 {[%clk 0:12:11]} Rxd7 {[%clk 0:08:24]} 52. Rc6+
{[%clk 0:12:34]} Kf5 {[%clk 0:08:49]} 53. Rxb6 {[%clk 0:12:49]} Rd2
{[%clk 0:08:55]} 54. Rc6 {[%clk 0:11:27]} Ke4 {[%clk 0:09:00]} 55. Rc3
{[%clk 0:10:50]} Ra2 {[%clk 0:09:18]} 56. b6 {[%clk 0:10:37]} Rxa4
{[%clk 0:09:35]} 57. Rb3 {[%clk 0:10:19]} Ra8 {[%clk 0:09:32]} 58. b7
{[%clk 0:10:37]} Rb8 {[%clk 0:10:00]} 59. Kxf2 {[%clk 0:10:48]} g5
{[%clk 0:10:01]} 60. g4 {[%clk 0:09:56]} Kd4 {[%clk 0:07:26]} 61. Rb1
{[%clk 0:10:04]} Ke4 {[%clk 0:06:58]} 62. Rb6 {[%clk 0:10:16]} Kd4
{[%clk 0:05:43]} 63. Kf3 {[%clk 0:10:01]} Rf8+ {[%clk 0:06:01]} 64. Ke2
{[%clk 0:10:30]} Rb8 {[%clk 0:06:26]} 65. Rb1 {[%clk 0:10:35]} Kc3
{[%clk 0:06:05]} 66. Ke3 {[%clk 0:10:11]} Re8+ {[%clk 0:06:34]} 67. Kf3
{[%clk 0:10:32]} Rb8 {[%clk 0:07:01]} 68. Ke4 {[%clk 0:10:54]} 1-0

[Event "ccc 2015 1"]
[Site "?"]
[Date "2015.05.02"]
[Round "7.15"]
[White "Englert,2318, FM Fabian"]
[Black "Lundin,2234, FM Jan"]
[Result "1-0"]
[BlackElo "2234"]
[WhiteElo "2318"]
[LiveChessVersion "1.4.5"]

1. Nf3 {[%clk 1:30:56]} f5 {[%clk 1:30:28]} 2. g3 {[%clk 1:31:14]} g6
{[%clk 1:30:46]} 3. Bg2 {[%clk 1:31:32]} Bg7 {[%clk 1:31:09]} 4. d4
{[%clk 1:31:54]} Nf6 {[%clk 1:31:32]} 5. O-O {[%clk 1:30:12]} O-O
{[%clk 1:31:10]} 6. b3 {[%clk 1:30:28]} d6 {[%clk 1:31:17]} 7. Bb2
{[%clk 1:30:52]} c6 {[%clk 1:31:12]} 8. Nbd2 {[%clk 1:31:01]} Na6
{[%clk 1:27:27]} 9. c4 {[%clk 1:27:48]} Nc7 {[%clk 1:26:32]} 10. Ne1
{[%clk 1:27:47]} e5 {[%clk 1:19:24]} 11. dxe5 {[%clk 1:27:36]} Ng4
{[%clk 1:19:22]} 12. exd6 {[%clk 1:20:43]} Bxb2 {[%clk 1:16:50]} 13. dxc7
{[%clk 1:21:10]} Qxc7 {[%clk 1:16:52]} 14. Rb1 {[%clk 1:20:39]} Bg7
{[%clk 1:16:26]} 15. Nd3 {[%clk 1:17:56]} Kh8 {[%clk 1:09:31]} 16. Nf3
{[%clk 1:17:13]} Be6 {[%clk 1:07:28]} 17. Nf4 {[%clk 1:15:23]} Bg8
{[%clk 1:03:29]} 18. Qc2 {[%clk 1:12:55]} Rfe8 {[%clk 1:02:30]} 19. Rbd1
{[%clk 1:11:30]} a5 {[%clk 0:59:52]} 20. Rd3 {[%clk 1:05:20]} Re7
{[%clk 0:59:06]} 21. e3 {[%clk 1:04:37]} a4 {[%clk 0:52:38]} 22. Rfd1
{[%clk 0:56:16]} Nf6 {[%clk 0:47:50]} 23. Ng5 {[%clk 0:52:23]} Ng4
{[%clk 0:44:28]} 24. Rd6 {[%clk 0:49:54]} Ne5 {[%clk 0:27:44]} 25. Nge6
{[%clk 0:48:42]} Bxe6 {[%clk 0:28:09]} 26. Nxe6 {[%clk 0:48:03]} Qa5
{[%clk 0:28:20]} 27. Rd8+ {[%clk 0:41:33]} Re8 {[%clk 0:28:27]} 28. Rxa8
{[%clk 0:41:54]} Rxa8 {[%clk 0:27:41]} 29. Nxg7 {[%clk 0:42:09]} Kxg7
{[%clk 0:27:56]} 30. bxa4 {[%clk 0:42:16]} Qxa4 {[%clk 0:25:44]} 31. Qb1
{[%clk 0:40:31]} Nf7 {[%clk 0:20:41]} 32. c5 {[%clk 0:36:44]} Rd8
{[%clk 0:19:46]} 33. Rxd8 {[%clk 0:34:37]} Nxd8 {[%clk 0:20:11]} 34. Bf3
{[%clk 0:33:02]} Qa7 {[%clk 0:17:46]} 35. Qb2+ {[%clk 0:30:44]} Kf7
{[%clk 0:10:21]} 36. Qh8 {[%clk 0:28:16]} Ne6 {[%clk 0:10:41]} 37. Qxh7+
{[%clk 0:28:40]} Ng7 {[%clk 0:10:25]} 38. h4 {[%clk 0:27:47]} Kf6
{[%clk 0:07:46]} 39. g4 {[%clk 0:15:54]} fxg4 {[%clk 0:05:19]} 40. Be4
{[%clk 0:16:22]} Nf5 {[%clk 0:05:25]} 41. h5 {[%clk 0:16:04]} Ne7
{[%clk 0:04:16]} 42. hxg6 {[%clk 0:09:50]} Qxc5 {[%clk 0:03:47]} 43. Qf7+
{[%clk 0:09:22]} Ke5 {[%clk 0:03:05]} 44. Qf4+ {[%clk 0:09:40]} Ke6
{[%clk 0:03:30]} 45. Qxg4+ {[%clk 0:09:18]} Kf6 {[%clk 0:03:53]} 46. g7
{[%clk 0:09:08]} Qc4 {[%clk 0:03:48]} 47. Qh4+ {[%clk 0:09:10]} Ke6
{[%clk 0:03:23]} 48. Bf5+ {[%clk 0:09:23]} 1-0

[Event "ccc 2015 1"]
[Site "?"]
[Date "2015.05.02"]
[Round "7.16"]
[White "Westerinen,2305, GM Heikki M.J."]
[Black "Dijkhuis,2118, Sven"]
[Result "1-0"]
[BlackElo "2118"]
[WhiteElo "2305"]
[LiveChessVersion "1.4.5"]

1. e4 {[%clk 1:30:56]} c5 {[%clk 1:30:53]} 2. Nf3 {[%clk 1:31:16]} e6
{[%clk 1:31:16]} 3. c3 {[%clk 1:30:10]} d5 {[%clk 1:31:41]} 4. exd5
{[%clk 1:29:57]} exd5 {[%clk 1:31:55]} 5. d4 {[%clk 1:30:02]} Nc6
{[%clk 1:31:52]} 6. Be3 {[%clk 1:27:45]} cxd4 {[%clk 1:30:46]} 7. Nxd4
{[%clk 1:27:23]} Bd6 {[%clk 1:30:13]} 8. Nd2 {[%clk 1:20:29]} Nf6
{[%clk 1:27:16]} 9. Be2 {[%clk 1:16:00]} O-O {[%clk 1:26:40]} 10. O-O
{[%clk 1:12:44]} Re8 {[%clk 1:25:26]} 11. Re1 {[%clk 1:08:07]} h6
{[%clk 1:24:42]} 12. h3 {[%clk 1:06:16]} a6 {[%clk 1:21:10]} 13. N2f3
{[%clk 1:04:43]} Ne4 {[%clk 1:18:50]} 14. Qc2 {[%clk 0:54:02]} Qf6
{[%clk 1:14:23]} 15. Rad1 {[%clk 0:43:30]} Bf5 {[%clk 1:04:13]} 16. Nxf5
{[%clk 0:42:11]} Qxf5 {[%clk 1:04:35]} 17. Qb3 {[%clk 0:37:20]} Ne7
{[%clk 0:57:03]} 18. c4 {[%clk 0:28:49]} dxc4 {[%clk 0:56:11]} 19. Bxc4
{[%clk 0:26:53]} Nc5 {[%clk 0:46:08]} 20. Bxf7+ {[%clk 0:24:04]} Qxf7
{[%clk 0:46:03]} 21. Qxf7+ {[%clk 0:24:23]} Kxf7 {[%clk 0:46:21]} 22. Rxd6
{[%clk 0:24:39]} Nf5 {[%clk 0:44:22]} 23. Rd5 {[%clk 0:23:38]} Nxe3
{[%clk 0:44:24]} 24. Rxc5 {[%clk 0:23:42]} 1-0